[Event "Open A"]
[Site "Gjovik NOR"]
[Date "2008.12.29"]
[Round "1"]
[White "Kvisla,J"]
[Black "Nilsen,Jo"]
[Result "0-1"]
[WhiteElo "2221"]
[BlackElo "2013"]

1.Nf3 d5 2.c4 c6 3.e3 Nf6 4.Nc3 e6 5.d4 Nbd7 6.Bd3 dxc4 7.Bxc4 b5 8.Bd3 Bb7
9.a3 Bd6 10.O-O O-O 11.Qc2 Rc8 12.Rd1 Qe7 13.e4 e5 14.g3 a6 15.b4 Rfe8 16.Bb2 g6
17.Qd2 Bb8 18.Qg5 exd4 19.Nxd4 Ne5 20.Be2 c5 21.Nf5 Qe6 22.Nh6+ Kf8 23.bxc5 Rxc5
24.Qe3 Rcc8 25.Qd4 Nc4 26.Nd5 Be5 27.Nxf6 Qxf6 28.Qa7 Bxb2 29.Qxb7 Bxa1 30.Bxc4 Rcd8
31.Rxd8 Rxd8 32.Bd5 Bd4 33.Ng4 Qf3 34.Qc7 Rxd5 35.Qc8+ Kg7 36.exd5 h5 37.Ne3 Bxe3
38.Qc3+ Kg8 39.fxe3 Qd1+ 40.Kf2 Qxd5 41.Qc8+ Kg7 42.Qxa6 Qa2+ 43.Kf3 b4 44.a4 b3
45.Qc4 Qc2 46.Qd4+ Kh7 47.e4 b2 48.Qd5 Qc3+  0-1

[Event "Masters"]
[Site "Hastings ENG"]
[Date "2008.12.29"]
[Round "2"]
[White "Conquest,S"]
[Black "Capo Vidal,U"]
[Result "1-0"]
[WhiteElo "2526"]
[BlackElo "2340"]

1.d4 d5 2.c4 e6 3.Nc3 c6 4.e3 Nf6 5.Nf3 Nbd7 6.Bd3 Bd6 7.O-O O-O 8.e4 dxe4
9.Nxe4 Nxe4 10.Bxe4 h6 11.Re1 c5 12.Be3 Qc7 13.h3 Nf6 14.Bc2 Bf4 15.Bxf4 Qxf4
16.Re5 Nd7 17.Qd3 Rd8 18.dxc5 Qf6 19.Rd1 g6 20.Re2 Re8 21.Qe3 Kg7 22.Ba4 Re7
23.Red2 Nf8 24.Ne5 h5 25.Rd4 g5 26.h4 g4 27.Rf4 Qxh4 28.Nf3  1-0

[Event "46th ch-IND National A"]
[Site "Mangalore IND"]
[Date "2008.12.29"]
[Round "12"]
[White "Thejkumar,M"]
[Black "Neelotpal,D"]
[Result "1/2-1/2"]
[WhiteElo "2441"]
[BlackElo "2477"]

1.d4 d5 2.c4 c6 3.Nc3 Nf6 4.e3 e6 5.Nf3 Nbd7 6.Qc2 Bd6 7.b3 O-O 8.Be2 b6
9.O-O Bb7 10.e4 dxe4 11.Nxe4 Nxe4 12.Qxe4 Re8 13.Bg5 Qc7 14.Bd3 Nf8 15.Qg4 f5
16.Qh3 c5 17.d5 g6 18.g4 fxg4 19.Qxg4 exd5 20.cxd5 Bxd5 21.Rad1 Qf7 22.Bc4 Bxc4
23.bxc4 Bc7 24.Rd5 Qe6 25.Qg2 Qe4 26.Nd2 Qxg2+ 27.Kxg2 Bd8 28.f4 Ne6 29.Bxd8 Raxd8
30.Ne4 Rf8 31.Rxd8 Nxd8 32.Nd6 Rf6 33.Nb5 Rf7 34.Kf3 Rd7 35.Ke4 a6 36.Nc3 Rd4+
37.Ke5 Rxc4 38.Nd5 Rd4 39.f5 Nc6+ 40.Ke6 Nd8+ 41.Ke5 Kg7 42.fxg6 hxg6 43.Nxb6 Rd2
44.a4 Rxh2 45.Kd5 Rh5+ 46.Kd6 Nf7+ 47.Kc6 a5 48.Kb5 c4+ 49.Kxc4 Ne5+ 50.Kc3 Nc6
51.Rb1 Rc5+ 52.Kd3 Nb4+ 53.Kd4 Rc7 54.Nc4 Nc2+ 55.Kd3 Nb4+ 56.Kd4 Rb7 57.Rg1 Nc2+
58.Kd3 Nb4+ 59.Kd4 Nc2+ 60.Kd3 Nb4+ 61.Kd4 Nc2+  1/2-1/2

[Event "Open"]
[Site "Pamplona ESP"]
[Date "2008.12.29"]
[Round "9"]
[White "Ignacz,R"]
[Black "Bolvary,T"]
[Result "1-0"]
[WhiteElo "2061"]
[BlackElo "2017"]

1.d4 d5 2.c4 e6 3.Nc3 c6 4.Nf3 Nf6 5.e3 Be7 6.Bd3 Nbd7 7.O-O O-O 8.Re1 dxc4
9.Bxc4 b5 10.Bd3 b4 11.Ne4 c5 12.Bd2 Bb7 13.Qb1 Nxe4 14.Bxe4 Bxe4 15.Qxe4 c4
16.Rac1 Rc8 17.Qc2 Nb6 18.e4 Qd6 19.Qd1 a5 20.Qe2 a4 21.Red1 f6 22.Be3 b3
23.axb3 cxb3 24.Nd2 Qb4 25.d5 Rc2 26.Bxb6 Qxb6 27.Qf3 Rfc8 28.Rb1 Bc5 29.Ra1 Qb4
30.Qd3 Bd4 31.Qa6 exd5 32.Rxa4 Qc5 33.Nxb3 Bxf2+ 34.Kf1 Qe3 35.Qd3 Qf4 36.Qxd5+ Kh8
37.Qd8+  1-0

[Event "35th Eastern Open"]
[Site "Washington DC USA"]
[Date "2008.12.29"]
[Round "6"]
[White "Ludwig,Dan"]
[Black "Robson,R"]
[Result "1-0"]
[WhiteElo "2400"]
[BlackElo "2466"]

1.d4 d5 2.c4 e6 3.Nc3 c6 4.e3 Nf6 5.Nf3 Nbd7 6.Qc2 Bd6 7.g4 Bb4 8.Bd2 b6
9.cxd5 cxd5 10.Rc1 Bb7 11.Nb5 Bxd2+ 12.Nxd2 O-O 13.Nd6 Rb8 14.Nxb7 Rxb7 15.Qc6 Rb8
16.g5 Ne4 17.Nxe4 dxe4 18.Bb5 a6 19.Qxd7 axb5 20.Qxd8 Rfxd8 21.Ke2 Ra8 22.a3 b4
23.axb4 Ra4 24.Rc4 g6 25.Rg1 Rd5 26.Rg4 Ra2 27.Rc2 Rb5 28.Kd2 Rxb4 29.Kc3 Rb5
30.h4 Ra4 31.b3 Ra3 32.Rb2 Kf8 33.Rxe4 Ke7 34.Re5 Rxe5 35.dxe5 Ra8 36.f4 Kd7
37.h5 Rc8+ 38.Kb4 Kc6 39.h6 Rb8 40.Kc4 Rc8 41.Kd4 Rd8+ 42.Ke4 Rd1 43.Rc2+ Kb7
44.Rc3 Rb1 45.Rd3 Kc7 46.Kd4 Re1 47.Rc3+ Kb7 48.Kc4 Rd1 49.Rd3 b5+ 50.Kc3 Rxd3+
51.Kxd3 Kc6 52.Kd4 Kb6 53.Kc3 Kc5 54.e4 Kc6 55.Kb4 Kb6 56.f5 Kc6 57.Ka5 Kc5
58.b4+ Kc4 59.f6  1-0

[Event "1st Asian Clubs"]
[Site "Al Ain UAE"]
[Date "2008.12.30"]
[Round "6"]
[White "Paragua,M"]
[Black "Tirto"]
[Result "1/2-1/2"]
[WhiteElo "2526"]
[BlackElo "2406"]

1.d4 d5 2.c4 c6 3.Nc3 Nf6 4.e3 e6 5.Nf3 Nbd7 6.Bd3 dxc4 7.Bxc4 b5 8.Be2 Bb7
9.e4 b4 10.e5 bxc3 11.exf6 cxb2 12.fxg7 bxa1=Q 13.gxh8=Q Qa5+ 14.Nd2 Qf5
15.O-O O-O-O 16.Qb3 Nc5 17.Qb4 Nd7 18.Qb3 Nc5  1/2-1/2

[Event "Open A"]
[Site "Gjovik NOR"]
[Date "2008.12.30"]
[Round "2"]
[White "Caspi,I"]
[Black "Pettersen,J"]
[Result "1-0"]
[WhiteElo "2408"]
[BlackElo "2016"]

1.d4 Nf6 2.c4 c6 3.Nf3 d5 4.Nc3 e6 5.e3 Nbd7 6.Bd3 Be7 7.O-O O-O 8.b3 Qa5
9.Qc2 dxc4 10.bxc4 Qh5 11.Ne2 Qa5 12.e4 e5 13.dxe5 Nxe5 14.Nxe5 Qxe5 15.Bb2 Qh5
16.e5 Ng4 17.h3 Nxe5 18.Ng3 Qg5 19.h4 Qf4 20.Bxh7+ Kh8 21.Rae1 Bf6 22.Re4 Qh6
23.Bxe5 Qxh7 24.Bxf6 gxf6 25.Qb2 Qg7 26.Nh5 Qg6 27.Nxf6 Rd8 28.Re3 Be6 29.Rg3 Qh6
30.Ng8+  1-0

[Event "Open A"]
[Site "Groningen NED"]
[Date "2008.12.30"]
[Round "9"]
[White "Pham,To"]
[Black "Ten Hertog,H"]
[Result "1/2-1/2"]
[WhiteElo "2117"]
[BlackElo "2118"]

1.c4 e6 2.Nc3 d5 3.d4 c6 4.e3 Nf6 5.Nf3 Nbd7 6.Qc2 Bd6 7.Be2 O-O 8.O-O Re8
9.b3 dxc4 10.Bxc4 e5 11.dxe5 Nxe5 12.Nxe5 Rxe5 13.e4 Rh5 14.g3 Ng4 15.Be2 Rxh2
16.Bxg4 Bxg4 17.Kxh2 Qh4+ 18.Kg1 Qh5 19.Bg5 Qxg5 20.Rad1 Bf3 21.Rd3 Bxg3
22.Rxf3 Bf4+ 23.Rg3 Bxg3 24.fxg3 Qxg3+  1/2-1/2

[Event "1st Asian Clubs"]
[Site "Al Ain UAE"]
[Date "2008.12.31"]
[Round "7"]
[White "Tirto"]
[Black "Hatanbaatar,B"]
[Result "1/2-1/2"]
[WhiteElo "2406"]
[BlackElo "2375"]

1.c4 c6 2.d4 d5 3.Nc3 Nf6 4.e3 e6 5.Nf3 Nbd7 6.Qc2 Bd6 7.Bd3 O-O 8.O-O dxc4
9.Bxc4 e5 10.h3 Qe7 11.Bb3 Re8 12.Ng5 Rf8 13.Nf3 a6 14.a4 a5 15.Bd2 Bb4 16.Rac1 e4
17.Nh2 b6 18.f3 Ba6 19.Rf2 Bd3 20.Qd1 Bd6 21.Nf1 c5 22.Bc2 Bxc2 23.Qxc2 Rfe8
24.Qb3 exf3 25.Rxf3 Rad8 26.Rc2 Qe6 27.Qb5 Bc7 28.Be1 Ne4 29.Bh4 f6 30.Nxe4 Qxe4
31.Bg3 Qb7 32.Bxc7 Qxc7 33.Qc4+ Kh8 34.Ng3 Qd6 35.Nf5 Qe6 36.Qxe6 Rxe6 37.Rd2 g6
38.d5 Re5 39.Nd6 Kg7 40.Nc4 Re4 41.Rf4 Re7 42.Kf2 g5 43.Rf5 Kg6 44.g4 h5
45.Kf3 Rde8 46.d6 Re6 47.Rfd5 hxg4+ 48.hxg4  1/2-1/2

[Event "17th Donau Open"]
[Site "Aschach AUT"]
[Date "2008.12.31"]
[Round "7"]
[White "Knoll,H"]
[Black "Lang,C"]
[Result "1-0"]
[WhiteElo "2371"]
[BlackElo "2149"]

1.d4 Nf6 2.Nf3 d5 3.c4 c6 4.Nc3 e6 5.e3 Nbd7 6.Qc2 Bd6 7.Be2 O-O 8.O-O Qe7
9.Rd1 a6 10.e4 dxe4 11.Nxe4 Nxe4 12.Qxe4 e5 13.Bg5 f6 14.Bd3 g6 15.Bh6 Re8
16.c5 Bc7 17.Qh4 exd4 18.Re1 Be5 19.Nxd4 Qxc5 20.Nb3 Qb6 21.Qc4+ Kh8 22.Qf7 Rg8
23.Bc4 Qd8 24.f4 Bd6 25.Rad1 Bb4 26.Rxd7 Bxd7 27.Re8 Be6 28.Qg7+  1-0

[Event "Open A"]
[Site "Gjovik NOR"]
[Date "2008.12.31"]
[Round "3"]
[White "Prakken,G"]
[Black "Nilsen,Jo"]
[Result "1-0"]
[WhiteElo "2206"]
[BlackElo "2013"]

1.d4 d5 2.c4 c6 3.Nc3 Nf6 4.e3 e6 5.Nf3 Nbd7 6.Bd3 dxc4 7.Bxc4 b5 8.Be2 Bb7
9.O-O Be7 10.e4 b4 11.e5 bxc3 12.exf6 Bxf6 13.bxc3 c5 14.dxc5 O-O 15.Be3 Qc7
16.Rb1 Be4 17.Rb4 Bc6 18.Qd6 Qc8 19.Nd4 a5 20.Nxc6 axb4 21.cxb4 Rxa2 22.Bc4 Rc2
23.Ba6 Qe8 24.Bb5 Qc8 25.Nd4 Bxd4 26.Bxd7 Be5 27.Qd1 Qc7 28.Qxc2 Qxd7 29.Qc4 Rb8
30.Bf4 Bxf4 31.Qxf4 Qb5 32.Rb1 Rd8 33.h3 h6 34.Rc1 Qc6 35.Qc4 Rb8 36.Rd1 Qa4
37.Rb1 Rc8 38.Rc1 Rb8 39.c6 Rxb4 40.Qxb4 Qxb4 41.c7  1-0

[Event "III Illes Medes Open"]
[Site "L'Estartit ESP"]
[Date "2008.12.31"]
[Round "6"]
[White "Vallbona Domingo,J"]
[Black "Schut,D"]
[Result "0-1"]
[WhiteElo "1988"]
[BlackElo "2052"]

1.d4 d5 2.Nf3 Nf6 3.c4 c6 4.Nc3 e6 5.e3 Nbd7 6.Bd3 Bd6 7.b3 e5 8.cxd5 Bb4
9.Bd2 Bxc3 10.Bxc3 e4 11.dxc6 bxc6 12.Ne5 exd3 13.Nxd3 O-O 14.O-O a5 15.Qf3 Ba6
16.Rfd1 Bxd3 17.Rxd3 Ne5  0-1

[Event "Czech Christmas"]
[Site "Litomysl CZE"]
[Date "2008.12.31"]
[Round "7"]
[White "Petr,Ma"]
[Black "Biolek,R1"]
[Result "1-0"]
[WhiteElo "2452"]
[BlackElo "2406"]

1.d4 d5 2.Nf3 c6 3.c4 Nf6 4.Nc3 e6 5.e3 Nbd7 6.Bd3 dxc4 7.Bxc4 b5 8.Bd3 a6
9.e4 b4 10.Na4 c5 11.e5 Nd5 12.O-O cxd4 13.Re1 Be7 14.Nxd4 Bb7 15.Bd2 Qb8
16.Nf3 h6 17.Rc1 Qa7 18.Be4 O-O 19.Qe2 Rfc8 20.Bb1 Rxc1 21.Rxc1 Rc8 22.Qe4 Rxc1+
23.Bxc1 Nf8 24.Qg4 Kh8 25.Qc4 Qb8 26.Bd2 Qe8 27.b3 Nd7 28.Qe4 Qg8 29.Ne1 Ba8
30.Qd4 Qb8 31.Nd3 Bc6 32.Nab2 Bb5 33.Nc4 Qc7 34.h3 g6 35.Nf4 Nxf4 36.Qxf4 Kg8
37.Nd6 Nxe5 38.Nxf7 Bg5 39.Nxh6+ Bxh6 40.Qxh6 Be8 41.Bxb4 Qd7 42.Qf8+ Kh7
43.Bc3 Qc7 44.Qb4 Nf7 45.Qh4+ Kg8 46.Bb2 e5 47.Bxg6 Qa5 48.Qe7  1-0

[Event "38th Rilton Cup 2008-9"]
[Site "Stockholm SWE"]
[Date "2008.12.31"]
[Round "5"]
[White "Wojtaszek,R"]
[Black "Hillarp Persson,T"]
[Result "1-0"]
[WhiteElo "2599"]
[BlackElo "2543"]

1.d4 d5 2.c4 c6 3.Nf3 Nf6 4.Nc3 e6 5.e3 Nbd7 6.Qc2 Bd6 7.b3 O-O 8.Bb2 Re8
9.Be2 dxc4 10.bxc4 e5 11.O-O exd4 12.exd4 Nf8 13.Rfe1 Bg4 14.Rad1 Ne6 15.h3 Bh5
16.Nh4 Bxe2 17.Nxe2 Bb4 18.Rf1 Nh5 19.Nf3 Nef4 20.Nxf4 Nxf4 21.Qf5 Ne2+ 22.Kh1 Qc8
23.Qc2 Nf4 24.Ng5 Ng6 25.f4 h6 26.f5 Nh4 27.Nxf7 Kxf7 28.c5 Qd8 29.d5 cxd5
30.f6 Re4 31.fxg7+ Kg8 32.Rf8+ Qxf8 33.gxf8=Q+ Rxf8 34.Qb3 Nf5 35.Rxd5 Kh7
36.Rd7+ Kg6 37.Qf3 Re1+ 38.Kh2 h5 39.Rg7+ Nxg7 40.Qxf8 Ne6 41.Qf6+ Kh7 42.Qf7+ Kh6
43.Bc1+  1-0

[Event "Czech Christmas"]
[Site "Litomysl CZE"]
[Date "2009.01.02"]
[Round "9"]
[White "Cerveny,M"]
[Black "Petr,Ma"]
[Result "0-1"]
[WhiteElo "2320"]
[BlackElo "2452"]

1.d4 d5 2.c4 e6 3.Nc3 c6 4.e3 Nf6 5.Nf3 Nbd7 6.Bd3 dxc4 7.Bxc4 b5 8.Bd3 a6
9.a3 c5 10.dxc5 Nxc5 11.Be2 Bb7 12.O-O Qxd1 13.Rxd1 Nb3 14.Rb1 b4 15.axb4 Bxb4
16.Nd4 Nxd4 17.Rxd4 a5 18.f3 Ke7 19.Kf1 e5 20.Rd1 e4 21.Ra1 Rhd8 22.Bd2 exf3
23.gxf3 Nd5 24.Nxd5+ Rxd5 25.Bxb4+ axb4 26.Rxa8 Rxd1+ 27.Bxd1 Bxa8 28.f4 Be4
29.h4 Kd6 30.Kf2 Kc5 31.Bb3 Bd5 32.Bc2 Kc4 33.Ke2 h6 34.Kf2 Be6 35.Kf3 Bh3
36.e4 Kd4 37.e5 f6 38.exf6 gxf6 39.Bg6 f5 40.b3 Bg4+ 41.Kg3 Kc3 42.Bf7 Bd1
43.Be6 Bxb3 44.Bxf5 Bd1 45.Bb1 Kd4 46.Kf2 b3 47.Ke1 Bf3 48.f5 Ke5  0-1

[Event "14th Open"]
[Site "Bosnjaci CRO"]
[Date "2009.01.03"]
[Round "1"]
[White "Rosic,S1"]
[Black "Jacimovic,Sa"]
[Result "1-0"]
[WhiteElo "2230"]
[BlackElo "1791"]

1.d4 d5 2.c4 c6 3.Nc3 Nf6 4.Nf3 e6 5.e3 Nbd7 6.Qc2 Bd6 7.Bd3 dxc4 8.Bxc4 b5
9.Bd3 Bb7 10.O-O a6 11.Ne4 Be7 12.b3 Rc8 13.Bb2 c5 14.Nxf6+ Nxf6 15.Qe2 O-O
16.Rfd1 Qc7 17.Rac1 Nd5 18.dxc5 Qb8 19.Be5 Qa8 20.Bb2 h6 21.Bb1 Nf6 22.b4 Be4
23.a3 Bxb1 24.Rxb1 Ne4 25.Rd7 Bf6 26.Ne5 Qb8 27.Qh5 Bxe5 28.Bxe5 Nf6 29.Bxf6 gxf6
30.Qxh6 Qe5 31.Rd4 f5 32.Qg5+ Qg7 33.h4 Qxg5 34.hxg5 Kg7 35.Rd6 a5 36.Rb6 axb4
37.axb4 Rb8 38.Rxb8 Rxb8 39.Ra1 Rb7 40.Ra6 Kf8 41.Rb6 Rc7 42.Rxb5 Ke7 43.Rb6 Kd7
44.Ra6 Kc8 45.c6 Kb8 46.b5 e5 47.g4  1-0

[Event "Australian Open"]
[Site "Manly Sydney AUS"]
[Date "2009.01.03"]
[Round "2"]
[White "Illingworth,M"]
[Black "Voon,R"]
[Result "1-0"]
[WhiteElo "2250"]
[BlackElo "1976"]

1.d4 d5 2.c4 c6 3.Nc3 Nf6 4.e3 e6 5.Nf3 Nbd7 6.Qc2 Bd6 7.g4 h6 8.Bd2 Qe7
9.Rg1 e5 10.cxd5 Nxd5 11.Ne4 Bc7 12.O-O-O N7f6 13.Nxe5 Bxe5 14.dxe5 Qxe5
15.Nxf6+ Qxf6 16.e4 Nf4 17.e5 Qg5 18.Qe4 Bxg4 19.Bxf4 Qh5 20.Rd2 O-O 21.Qg2  1-0

[Event "Petrovskaya Ladya GM1"]
[Site "Peterhof RUS"]
[Date "2009.01.03"]
[Round "1"]
[White "Shimanov,A"]
[Black "Duzhakov,I"]
[Result "1-0"]
[WhiteElo "2488"]
[BlackElo "2304"]

1.d4 d5 2.c4 e6 3.Nc3 c6 4.e3 Nf6 5.Nf3 Nbd7 6.Bd3 dxc4 7.Bxc4 b5 8.Bd3 a6
9.O-O Bb7 10.a4 b4 11.Ne4 c5 12.Nxf6+ Nxf6 13.dxc5 Bxc5 14.Qe2 Qb6 15.e4 Rd8
16.Bg5 h6 17.Bh4 Be7 18.a5 Qa7 19.Rac1 Qa8 20.Rc7 g5 21.Bg3 Bxe4 22.Bxe4 Nxe4
23.Ne5 Qd5 24.Nc6 Bd6 25.Bxd6 Qxd6 26.Re7+ Kf8 27.Qxa6 Nc5 28.Qa7 Rd7 29.Rxd7 Nxd7
30.Qb7 Kg7 31.a6 Nc5 32.Qb5 Nb3 33.a7 Nd4 34.Nxd4 Qxd4 35.Qb8 Qd8 36.Qxb4 Qa8
37.Ra1 Rc8 38.h3 Rc7 39.Qb8  1-0

[Event "Open A"]
[Site "Gjovik NOR"]
[Date "2009.01.04"]
[Round "6"]
[White "Prakken,G"]
[Black "Sorgjerd,J"]
[Result "1/2-1/2"]
[WhiteElo "2206"]
[BlackElo "2123"]

1.d4 d5 2.c4 c6 3.Nc3 Nf6 4.e3 e6 5.Nf3 Nbd7 6.Bd3 dxc4 7.Bxc4 b5 8.Be2 Bb7
9.O-O a6 10.e4 c5 11.e5 cxd4 12.Qxd4 Bc5 13.Qf4 Nd5 14.Nxd5 Bxd5 15.Ng5 f5
16.a4 Rb8 17.axb5 axb5 18.b4 Be7 19.Ra6 Rb6 20.Rxb6 Qxb6 21.Be3 Qb8 22.Qh4 g6
23.Qd4 O-O 24.Bf3 Qxe5 25.Bxd5 Qxd5 26.Qxd5 exd5 27.Ne6 Rc8 28.g3 Bxb4 29.Rd1 Nf6
30.Bd4 Be7 31.Bxf6 Bxf6 32.Rxd5 Rc1+ 33.Kg2 b4 34.Rb5 Kf7 35.Nf4 Rc4 36.h4 Bd4
37.h5 Rc2 38.hxg6+ hxg6 39.Nd3 Rd2 40.Nxb4 Rxf2+ 41.Kh3 g5 42.Nd5 Kg7 43.Ra5 Kh6
44.g4 Rf3+ 45.Kg2 fxg4 46.Ra4 Rd3 47.Ra6+ Kh5 48.Nf6+ Kh4 49.Ne4 g3 50.Rg6 Re3
51.Nxg5 Re2+ 52.Kf3 Rf2+ 53.Ke4 Kh5 54.Rg8 g2 55.Nh3 Rd2 56.Rxg2 Rxg2 57.Nf4+  1/2-1/2

[Event "38th Rilton Cup 2008-9"]
[Site "Stockholm SWE"]
[Date "2009.01.04"]
[Round "8"]
[White "Ivanov,Sergey1"]
[Black "Berczes,C"]
[Result "1/2-1/2"]
[WhiteElo "2547"]
[BlackElo "2399"]

1.d4 d5 2.c4 c6 3.Nc3 Nf6 4.e3 e6 5.Nf3 Nbd7 6.Bd3 dxc4 7.Bxc4 b5 8.Bd3 a6
9.a4 b4 10.Ne4 Nxe4 11.Bxe4 Bb7 12.O-O Nf6 13.Bd3 c5 14.dxc5 Bxc5 15.Qe2 Qd5
16.Rd1 Qh5 17.h3 Rd8 18.b3 O-O 19.Bb2 a5 20.e4 Rxd3 21.Rxd3 Bxe4 22.Rdd1 Bd5
23.Rac1 Ne4 24.Bd4 Bd6 25.Qa6 h6 26.Re1 Qg6 27.Qd3 f5 28.Be5 Nc5 29.Qd1 Be7
30.Bf4 Be4 31.g3 Rd8 32.Ne5 Qe8 33.Qe2 Nxb3 34.Rcd1 Bc5 35.Rxd8 Qxd8 36.Qh5 Nd4
37.Qf7+ Kh7 38.Qg6+ Kg8 39.Qf7+ Kh7 40.Qg6+ Kg8  1/2-1/2

[Event "14th Open"]
[Site "Bosnjaci CRO"]
[Date "2009.01.05"]
[Round "4"]
[White "Kruskic,M"]
[Black "Pavlovic,Ze"]
[Result "1/2-1/2"]
[WhiteElo "2242"]
[BlackElo "2057"]

1.d4 d5 2.c4 e6 3.Nc3 c6 4.Nf3 Nf6 5.e3 Nbd7 6.Qc2 Bd6 7.Be2 O-O 8.O-O dxc4
9.Bxc4 b5 10.Bd3 Bb7 11.e4 e5 12.h3 a6 13.Rd1 Re8 14.Be3 Qc7 15.Rac1 Rac8
16.Bf1 Qb8 17.dxe5 Nxe5 18.Nd4 Ng6 19.f3 Bh2+ 20.Kh1 Bf4 21.Nf5 Bxe3 22.Nxe3 Rcd8
23.Rxd8 Rxd8 24.Rd1 Qc7 25.Rxd8+ Qxd8 26.Qd3 Qxd3 27.Bxd3 Nf4 28.Bf1 Bc8
29.b4 Kf8 30.Kh2 Ke7 31.g3 Ne6 32.e5 Ne8 33.Nf5+ Kd7 34.Ne4 c5 35.bxc5 Bb7
36.Bd3 Bxe4 37.Bxe4 Nxc5 38.Bd5 Ne6 39.Ne3  1/2-1/2

[Event "Open A"]
[Site "Gjovik NOR"]
[Date "2009.01.05"]
[Round "7"]
[White "Arvola,B"]
[Black "Hobber,A"]
[Result "0-1"]
[WhiteElo "2096"]
[BlackElo "1987"]

1.d4 d5 2.c4 c6 3.Nc3 Nf6 4.Nf3 e6 5.e3 Nbd7 6.Qc2 Bd6 7.b3 O-O 8.Be2 b6
9.O-O Bb7 10.Bb2 c5 11.cxd5 exd5 12.Rad1 Rc8 13.Qb1 Qe7 14.h3 Rfd8 15.Bd3 Bb8
16.Rfe1 Ne4 17.Bc2 Ndf6 18.dxc5 bxc5 19.Nxe4 Nxe4 20.Rc1 Rc6 21.Red1 Rg6
22.Bxe4 dxe4 23.Ne5 Rgd6 24.Nc4 Rd3 25.Qc2 f6 26.Ba3 Qc7 27.g3 Qd7 28.Nb2 Qxh3
29.Bxc5 h5 30.Qe2 h4 31.Qf1 Rxd1 32.Rxd1 Rxd1 33.Nxd1 Qg4 34.Nb2 hxg3 35.fxg3 Qxg3+
36.Qg2 Qe1+ 37.Qf1 Bh2+ 38.Kg2 Qg3+ 39.Kh1 Qh4 40.Qg2 Bd6+  0-1

[Event "Australian Open"]
[Site "Manly Sydney AUS"]
[Date "2009.01.05"]
[Round "6"]
[White "Harp,J"]
[Black "Bleicher,H"]
[Result "1-0"]
[WhiteElo "2031"]
[BlackElo "1840"]

1.d4 d5 2.c4 c6 3.Nc3 Nf6 4.Nf3 e6 5.e3 Nbd7 6.Qc2 Bd6 7.Bd3 dxc4 8.Bxc4 b5
9.Bd3 Bb7 10.O-O a6 11.e4 e5 12.h3 Rc8 13.Be3 O-O 14.Rad1 exd4 15.Nxd4 c5
16.Nf5 Bb8 17.Be2 Qe8 18.Bf3 Qe5 19.g3 Qe6 20.Bg2 Rfe8 21.Rfe1 Nb6 22.e5 Bxg2
23.exf6 Qc6 24.Ne7+ Rxe7 25.fxe7 Bxh3 26.Rd8+ Qe8 27.Rxe8+ Rxe8  1-0

[Event "XX Open"]
[Site "Roquetas de Mar ESP"]
[Date "2009.01.05"]
[Round "6"]
[White "Panelo,M"]
[Black "Perez Mitjans,O"]
[Result "1-0"]
[WhiteElo "2425"]
[BlackElo "2438"]

1.d4 d5 2.Nf3 c6 3.c4 Nf6 4.Nc3 e6 5.e3 a6 6.c5 b6 7.cxb6 Nbd7 8.Bd3 c5 9.b3 Bb7
10.O-O Be7 11.Na4 O-O 12.Ba3 cxd4 13.Bxe7 Qxe7 14.exd4 Qd6 15.Rc1 a5 16.Nc5 Qxb6
17.Nxd7 Nxd7 18.Qc2 Nf6 19.Qc7 Qa7 20.Rc5 Ne4 21.Bxe4 dxe4 22.Ne5 Bd5 23.Nd7 Rfd8
24.Rfc1 f6 25.Nb6 Qxc7 26.Rxc7 Rab8 27.Nxd5 Rxd5 28.Re7 Rxd4 29.h3 Kh8 30.Rcc7 Rg8
31.Rxe6 Rd1+ 32.Kh2 Rd2 33.a4 Rxf2 34.Rxe4 Rb2 35.Re3 h6 36.Ra7 Kh7 37.Rxa5 Rb8
38.Rb5 Rxb5 39.axb5 Rd2 40.Re4 g5 41.b6 Rd7 42.Re6 Kg6 43.Re4 Kf5 44.Rb4 Rb7
45.Kg3 h5 46.Kf3 Ke5 47.Ke3 Kd5 48.Rb5+ Kc6 49.Rb4 Kc5 50.Rc4+ Kd5 51.Rd4+ Kc5
52.b4+ Kxb6 53.Rd6+ Kb5 54.Rxf6 Kxb4 55.Ke4 Kc3 56.Kf5 Rb5+ 57.Kg6 Rb2 58.g4 hxg4
59.hxg4 Kd4 60.Kxg5 Ke5 61.Ra6 Rg2 62.Kh5 Kf4 63.Rf6+ Ke5 64.g5 Rg1 65.Kh6 Rg2
66.Ra6 Kf5 67.g6 Rh2+ 68.Kg7 Rb2 69.Ra5+ Ke6 70.Kh7 Rh2+ 71.Kg8  1-0

[Event "14th Open"]
[Site "Bosnjaci CRO"]
[Date "2009.01.06"]
[Round "5"]
[White "Pasalic,A"]
[Black "Cencic,J"]
[Result "1-0"]
[WhiteElo "2120"]
[BlackElo "2019"]

1.d4 Nf6 2.c4 c6 3.Nc3 d5 4.Nf3 e6 5.e3 Nbd7 6.Bd3 dxc4 7.Bxc4 b5 8.Bd3 b4
9.Ne2 Bb7 10.O-O a6 11.e4 h6 12.Ng3 Be7 13.Qe2 O-O 14.e5 Nd5 15.Qe4 f5 16.exf6 N5xf6
17.Qxe6+ Kh8 18.Nh4  1-0

[Event "Petrovskaya Ladya GM1"]
[Site "Peterhof RUS"]
[Date "2009.01.06"]
[Round "6"]
[White "Yevseev,D"]
[Black "Duzhakov,I"]
[Result "1-0"]
[WhiteElo "2538"]
[BlackElo "2304"]

1.d4 d5 2.c4 e6 3.Nf3 Nf6 4.Nc3 c6 5.e3 Nbd7 6.Qc2 Bd6 7.b3 O-O 8.Be2 Qe7
9.O-O Rd8 10.Bb2 dxc4 11.bxc4 e5 12.a4 e4 13.Nd2 Re8 14.c5 Bc7 15.Ba3 Nf8
16.Nc4 Bg4 17.Nd6 Bxe2 18.Qxe2 Bxd6 19.cxd6 Qe6 20.Rab1 Rab8 21.a5 Red8 22.Bc5 Ne8
23.Bxa7 Ra8 24.Bc5 Nxd6 25.Bxd6 Rxd6 26.Rxb7 Rxa5 27.Rb8 Rg5 28.f4 exf3 29.Qxf3 g6
30.Qe4 Rg4 31.Qxe6 Rxe6 32.Rf3 Rg5 33.Na4 Kg7 34.Rb7 Rf5 35.Nc5 Ref6 36.Rxf5 Rxf5
37.e4 Rf4 38.Rc7 g5 39.Rxc6 Ng6 40.Rc7 Rf6 41.e5 Rb6 42.e6 Rb1+ 43.Kf2 Rb2+
44.Ke3 Nf4 45.Rxf7+ Kg6 46.Rf8 Rxg2 47.Kf3 g4+ 48.Kxf4 Rf2+ 49.Kxg4 Rxf8
50.d5 h5+ 51.Kg3 Rf5 52.d6 Kf6 53.d7 Rd5 54.Nb7 Ke7 55.Kh4 Rd2 56.d8=Q+  1-0

[Event "Open A"]
[Site "Gjovik NOR"]
[Date "2009.01.07"]
[Round "9"]
[White "Abasov,N"]
[Black "Malakhatko,V"]
[Result "1-0"]
[WhiteElo "2363"]
[BlackElo "2633"]

1.d4 Nf6 2.Nf3 e6 3.c4 d5 4.Nc3 c6 5.e3 a6 6.c5 b6 7.cxb6 Nbd7 8.Bd3 c5 9.dxc5 Nxc5
10.Bc2 Qxb6 11.Na4 Qb8 12.Nxc5 Bxc5 13.Ba4+ Ke7 14.O-O Bb7 15.b4 Bd6 16.Bb2 Rc8
17.Bd4 Bxb4 18.Ne5 Bd6 19.f4 Qc7 20.Rb1 Kf8 21.Qb3 Rcb8 22.Rfc1 Qe7 23.Qd3 Rc8
24.Rxc8+ Rxc8 25.Nd7+ Nxd7 26.Qxh7 f6 27.Rxb7 Rc1+ 28.Kf2 Bc7 29.Bxd7  1-0

[Event "Australian Open"]
[Site "Manly Sydney AUS"]
[Date "2009.01.08"]
[Round "8"]
[White "Xie,G"]
[Black "Hu,J"]
[Result "1-0"]
[WhiteElo "2397"]
[BlackElo "2182"]

1.d4 d5 2.c4 c6 3.Nc3 Nf6 4.Nf3 e6 5.e3 Bd6 6.b3 Nbd7 7.Bb2 O-O 8.Be2 e5
9.dxe5 Nxe5 10.cxd5 cxd5 11.O-O Bg4 12.Nxe5 Bxe5 13.Bxg4 h5 14.Bf3 g5 15.Rb1 g4
16.Be2 Rc8 17.Nb5 Bxb2 18.Rxb2 a6 19.Nd4 Ne4 20.Bd3 Ng5 21.f4 gxf3 22.Nxf3  1-0

[Event "Petrovskaya Ladya GM1"]
[Site "Peterhof RUS"]
[Date "2009.01.09"]
[Round "10"]
[White "Levin,Ev"]
[Black "Fedoseev,Vl3"]
[Result "1-0"]
[WhiteElo "2484"]
[BlackElo "2344"]

1.d4 Nf6 2.c4 c6 3.Nc3 d5 4.e3 e6 5.Nf3 Nbd7 6.Qc2 Bd6 7.Bd3 b6 8.b3 Bb7
9.Bb2 Rc8 10.O-O c5 11.cxd5 cxd4 12.Nxd4 Nxd5 13.Bc4 O-O 14.Qe4 Nxc3 15.Qxb7 Rc7
16.Qf3 Ne5 17.Qh3 Ne4 18.Nxe6 fxe6 19.Bxe5 Ng5 20.Qg3 Rf3 21.gxf3 Bxe5 22.Bxe6+ Kf8
23.f4 Ne4 24.Rad1 Qxd1 25.Rxd1 Nxg3 26.hxg3 Bf6 27.Rd7 Rxd7 28.Bxd7 Ke7 29.Bf5 Kd6
30.Bxh7 Kc5 31.a4 Kb4 32.Bg8 Kc3 33.Kg2 Kd2 34.Kf3 Ke1 35.Bc4 Be7 36.g4 Bh4
37.g5 Bxf2 38.f5 Bh4 39.f6  1-0

[Event "47th XtraCon TCh-DEN 2008-9"]
[Site "Denmark DEN"]
[Date "2009.01.10"]
[Round "4"]
[White "Brynell,S"]
[Black "Olsen,N"]
[Result "1-0"]
[WhiteElo "2447"]
[BlackElo "2256"]

1.d4 d5 2.c4 c6 3.Nc3 Nf6 4.e3 e6 5.Nf3 a6 6.c5 b6 7.cxb6 Qxb6 8.Bd3 Nbd7
9.O-O Bd6 10.b3 O-O 11.Bb2 a5 12.Na4 Qc7 13.Qe2 Ne4 14.Rac1 f5 15.Rc2 Bb7
16.Rfc1 Rf6 17.Nc5 Bxc5 18.dxc5 Rh6 19.g3 e5 20.Ne1 Rf8 21.f3 Ng5 22.f4 Nh3+
23.Kg2 e4 24.Ba6 Bxa6 25.Qxa6 g5 26.fxg5 Nxg5 27.Rf2 Nh3 28.Rf1 Ne5 29.Bxe5 Qxe5
30.Qxa5 d4 31.exd4 Qd5 32.Qa6 e3+ 33.Nf3 e2 34.Qxe2 Rf7 35.Qe5 Qd7 36.Rce1 f4
37.Qe8+ Kg7 38.Qxd7 Rxd7 39.Re4  1-0

[Event "Australian Open"]
[Site "Manly Sydney AUS"]
[Date "2009.01.10"]
[Round "10"]
[White "Harp,J"]
[Black "Rout,I"]
[Result "0-1"]
[WhiteElo "2031"]
[BlackElo "1949"]

1.d4 d5 2.c4 c6 3.Nf3 Nf6 4.Nc3 e6 5.e3 Nbd7 6.Qc2 Bd6 7.Bd3 O-O 8.O-O dxc4
9.Bxc4 b5 10.Bd3 Bb7 11.e4 e5 12.h3 exd4 13.Nxd4 Nc5 14.Rd1 b4 15.e5 Bxe5
16.Nxc6 Bxc6 17.Bxh7+ Nxh7 18.Rxd8 Rfxd8 19.Ne2 Be4  0-1

[Event "47th XtraCon TCh-DEN 2008-9"]
[Site "Denmark DEN"]
[Date "2009.01.11"]
[Round "5"]
[White "Naes,F"]
[Black "Fagerstrom,B"]
[Result "1-0"]
[WhiteElo "2259"]
[BlackElo "2132"]

1.c4 Nf6 2.Nf3 c6 3.d4 d5 4.e3 e6 5.Nc3 Nbd7 6.Bd3 dxc4 7.Bxc4 b5 8.Bb3 Bb7
9.O-O a6 10.e4 b4 11.e5 Nd5 12.Ne4 h6 13.Nfd2 N5b6 14.Bxe6 Nxe5 15.dxe5 fxe6
16.Qh5+ Kd7 17.Qf7+ Qe7 18.Nc5+ Kc8 19.Qxe7 Bxe7 20.Nxe6 g5 21.Nb3 Nd7 22.f4 gxf4
23.Bxf4 a5 24.Rac1 Rg8 25.Bg3 Rg6 26.Nf4 Rg4 27.Nd3 a4 28.Nbc5 Nxc5 29.Nxc5 Bxc5+
30.Rxc5 Kc7 31.e6+ Kb6 32.Re5 c5 33.e7 Re8 34.Re6+ Kb5 35.Rf8  1-0

[Event "TCh-HUN 2008-9"]
[Site "Mako HUN"]
[Date "2009.01.11"]
[Round "5"]
[White "Polak,T"]
[Black "Reiss,T"]
[Result "1/2-1/2"]
[WhiteElo "2553"]
[BlackElo "2403"]

1.d4 d5 2.c4 c6 3.Nc3 Nf6 4.e3 e6 5.Nf3 Nbd7 6.Qc2 b6 7.Bd3 Bb7 8.O-O Be7
9.b3 O-O 10.Bb2 h6 11.Rfd1 Qc7 12.Rac1 Rac8 13.cxd5 cxd5 14.Qe2 Qb8 15.Ne5 Nxe5
16.dxe5 Qxe5 17.Ne4 Qb8 18.Nxf6+ Bxf6 19.Bxf6 Rxc1 20.Rxc1 gxf6 21.Qg4+ Kh8
22.Qh4 Kg7 23.Qg4+ Kh8 24.Qh5 Kg7 25.Qg4+  1/2-1/2